| 000 | 00408nam a2200157Ia 4500 | ||
|---|---|---|---|
| 005 | 20250701032054.0 | ||
| 008 | 240331s9999 xx 000 0 und d | ||
| 020 | _a9555910332 | ||
| 082 |
_bSUR _a800 |
||
| 100 | _aSuraweera,A.V | ||
| 245 | 0 | _aLevo Tolstoy kalawa yanu kumakda? | |
| 260 |
_aRajagiriya _bBird Books _c1995 |
||
| 300 | _a216 p ., | ||
| 500 | _aSinhala Translation of What is Art ? | ||
| 942 | _cL | ||
| 999 |
_c5109 _d5109 |
||